000 00297nam a2200121Ia 4500
008 190216s9999||||xx |||||||||||||| ||und||
100 _aMcgraw Hill Author
245 0 _aMcgraw Hill Books 1975-76
260 _bMcgraw -hill
_c1975
300 _a778p
650 _aGeneral Collections
942 _cREF
999 _c35448
_d35448